000
00332 a2200157 4500
001
57235
020
_a
8508019009
040
_c
Anchieta - Pituba
100
_a
Dupré, Maria José
240
1
0
_a
A mina de ouro
_l
por
245
1
0
_a
A mina de ouro
300
_a
112
362
0
_a
1997
650
4
_a
Literatura juvenil
942
_c
BK
999
_c
57235
_d
57235